Biblioteca

A Latin American speaks (Registro nro. 40616)

Detalles MARC
000 -LÍDER
Campo fijo de descripción fija 01337aam a2200313 i 4500
001 - NÚMERO DE CONTROL
Campo de control 768714001
003 - IDENTIFICADOR DEL NÚMERO DE CONTROL
Campo de control CO-MdFUSB
005 - FECHA Y HORA DE LA ULTIMA TRANSACCIÓN
control field 20210917093710.0
007 - CAMPO FIJO DE DESCRIPCIÓN FIJA--INFORMACIÓN GENERAL
Campo fijo de descripción fija ta
008 - ELEMENTOS DE LONGITUD FIJA -- INFORMACIÓN GENERAL
Campo fijo de descripción fija -- Información general 210917t1943 nyu |||| |||| 00| 0 eng d
020 ## - NÚMERO INTERNACIONAL NORMALIZADO PARA LIBROS
Número Internacional Normalizado del libro [No incluye ISBN]
040 ## - FUENTE DE CATALOGACIÓN
Idioma de catalogación spa.
Agencia de catalogación original CO-MdFUSB
Agencia que realiza la transcripción CO-MdFUSB
Agencia que realiza la modificación CO-MdFUSBC
Convenciones de la descripción rda
041 ## - CÓDIGO DE IDIOMA
Código de idioma para texto/pista de sonido o título separado eng
082 04 - NÚMERO DE CLASIFICACIÓN DECIMAL DEWEY
Número de clasificación 918
Número de la edición del Dewey 23
Clave de autor-Numero de item Q78a
100 1# - ASIENTO PRINCIPAL--NOMBRE PERSONAL
Nombre personal Quintanilla, Luis (1900-)
Término relacionador autor
245 10 - TÍTULO
Título del Material A Latin American speaks
Mención de responsabilidad, etc. / Luis Quintanilla
264 #1 - PRODUCCIÓN, PUBLICACIÓN, DISTRIBUCIÓN, MANUFACTURA, Y COPYRIGHT
Lugar de producción, publicación, distribución, manufactura New York, USA :
Nombre del productor, publicador, distribuidor Macmillan and Co. Limited,
Fecha de producción, publicación, distribución, manufactura, o copyright [1943]
264 #4 - PRODUCCIÓN, PUBLICACIÓN, DISTRIBUCIÓN, MANUFACTURA, Y COPYRIGHT
Fecha de producción, publicación, distribución, manufactura, o copyright © 1943
300 ## - DESCRIPCIÓN FÍSICA
Extensión 268 Páginas
Dimensiones ; 22 cm
336 ## - TIPO DE CONTENIDO
Fuente rdacontent
Término de tipo de contenido texto
Código de tipo de contenido txt
337 ## - TIPO DE MEDIO
Fuente rdamedia
Nombre del tipo de medio sin mediación
Código del tipo de medio n
338 ## - TIPO DE SOPORTE
Fuente rdacarrier
Nombre del tipo de soporte volumen
Código Tipo de soporte nc
505 ## - NOTA DE CONTENIDO
Nota de contenido con formato preestablecido Intraamérica: América: ¿qué? -- al sur de la frontera. -- "Amigos Gringos" -- Vivir y morir: estilo de estados unidos. -- Vivir y morir: estilo latinoamericano -- Interamérica: Horizonte de Bolívar -- Estados Unidos contra Estados Unidos -- Bla, bla, panamericanismo. -- Buenos vecinos. -- Comercio por democracia. -- Extra-America. -- Monroe se enfrenta a Europa. -- Esvástica sobre la acrópolis.<br/>Significado para la democracia -- Nuestro destino unido
563 ## - NOTA DE ENCUADERNACIÓN
Nota de encuadernación Tapa dura
653 ## - TÉRMINO DE INDIZACIÓN - NO CONTROLADO
Término no controlado América Latina -- Civilización.
942 ## - TIPO DE MATERIAL (KOHA)
Tipo de Item KOHA Libros General
945 ## - INFORMACIÓN LOCAL DEL REGISTRO
Catalogador JTF-925
Existencias
Estado de Material Estado de Perdido Estado de Dañado No para Préstamo Colección Tomo Biblioteca de Origen Biblioteca Permanente Fecha de Adquisición Total de Préstamos Signatura Topográfica Código de Barras Última vez visto Ejemplar/Existencia Fecha de Remplazo Tipo de Material
        Colección General   Biblioteca FUSBC Biblioteca FUSBC 26/01/2005   G 918 Q78a 10584 12/12/2019 1 26/01/2016 Libros Patrimoniales

Biblioteca FUSBC | Teléfono: (57+4) 349 88 10 Ext. 141| WhatsApp (+57) 3005338115 
E-mail: biblioteca@unisbc.edu.co | Calle 76 87-14 Robledo Palenque, Medellín, Colombia

Con tecnología Koha